MARC

LEADER 00000nam0a2200000 4500
001 198120
005 20231031183756.0
010 |a 5020066656 
035 |a (RuTPU)RU\TPU\book\216103 
090 |a 198120 
100 |a 20110623d1991 k y0rusy50 ca 
101 0 |a rus 
102 |a RU 
105 |a a z 001zy 
200 1 |a Зубчатые соединительные муфты  |f Э. Л. Айрапетов, Д. Б. Мирзаджанов  |g Академия наук СССР (АН СССР), Институт машиноведения им. А. А. Благонравова (ИМАШ) ; под ред. А. П. Гусенкова 
210 |a Москва  |c Наука  |d 1991 
215 |a 252 с.  |c ил. 
320 |a Библиогр.: с. 241-247. 
610 1 |a зубчатые муфты 
610 1 |a геометрия 
610 1 |a жесткость 
610 1 |a статика 
610 1 |a напряжение 
610 1 |a износ 
610 1 |a теория 
610 1 |a расчет 
610 1 |a проектирование 
675 |a 621.825.5  |v 3 
700 1 |a Айрапетов  |b Э. Л.  |g Эдуард Леонович 
701 1 |a Мирзаджанов  |b Д. Б.  |g Джангир Балабекович 
702 1 |a  Гусенков  |b А. П.  |4 340 
712 0 2 |a Академия наук СССР (АН СССР)  |b Институт машиноведения им. А. А. Благонравова (ИМАШ)  |c (Москва)  |2 stltpush  |3 (RuTPU)RU\TPU\col\13568 
801 1 |a RU  |b 63413507  |c 20110623 
801 2 |a RU  |b 63413507  |c 20111205  |g RCR 
942 |c BK